000 00872nam a2200241 a 4500
001 BRCA_8468
005 20190320210309.0
008 130116s1995----mx-a######---#000-0#spa-#
020 _a9682986451
041 _aspa
044 _amx
050 4 _aN8846.M4
_b.T47 1995
245 1 0 _aTestimonios artísticos de un episodio fugaz
_b(1864-1867).
260 _aMéxico
_bINBA
_c1995
300 _a202 p.
_bil. (algunas a color)
_c32 cm.
500 _aIncluye catálogo de obra
500 _aCatálogo de la exposición realizada en el Museo Nacional de Arte, diciembre 1995 - febrero 1996
650 1 4 _aArte y Estado
_xHistoria
_ySiglo XIX
_zMéxico
_921211
650 1 4 _aArte mexicano
_ySiglo XX
_94500
650 1 4 _aPolítica cultural
_xHistoria
_ySiglo XIX
_zMéxico
_921212
651 4 _aMéxico
_xHistoria - Vida intelectual
_yRevolución, 1910-1920
_921213
942 _2lcc
_cB
999 _c8135
_d8135